Angry Young Man - Billy Joel - Lyrics - Statistics

General Stats
  • This quiz has been taken 29 times
  • The average score is 284 of 332
Answer Stats
Lyrics % Correct
a
100%
an
100%
angry
100%
be
100%
go
100%
He
100%
he
100%
his
100%
I
100%
man
100%
the
100%
to
100%
young
100%
and
95%
And
95%
He's
95%
he's
95%
in
95%
There's
95%
there's
95%
who
95%
With
95%
with
95%
as
91%
for
91%
head
91%
heart
91%
know
91%
known
91%
on
91%
world
91%
always
86%
are
86%
hand
86%
likes
86%
old
86%
place
86%
plans
86%
too
86%
was
86%
back
82%
been
82%
grave
82%
intentions
82%
of
82%
radical
82%
at
77%
bend
77%
good
77%
had
77%
home
77%
misunderstood
77%
no
77%
once
77%
or
77%
refuses
77%
sand
77%
view
77%
wall
77%
believe
73%
believed
73%
hell
73%
he'll
73%
It's
73%
just
73%
out
73%
right
73%
stabbed
73%
that
73%
air
68%
crawl
68%
fist
68%
floor
68%
from
68%
Give
68%
my
68%
point
68%
pointless
68%
went
68%
why
68%
age
64%
battles
64%
boring
64%
causes
64%
class
64%
cross
64%
door
64%
found
64%
I've
64%
laid
64%
life
64%
lock
64%
matter
64%
moment
64%
never
64%
noble
64%
passed
64%
rage
64%
righteous
64%
room
64%
sits
64%
surviving
64%
two
64%
well
64%
working
64%
wrong
64%
able
59%
breaks
59%
can't
59%
fight
59%
hangs
59%
is
59%
learn
59%
lost
59%
maps
59%
mistakes
59%
ties
59%
comfort
55%
consciousness
55%
foot
55%
medals
55%
mouth
55%
proud
55%
scars
55%
struggles
55%
true
55%
understand
55%
bleeds
50%
But
50%
courage
45%
honor
41%
pure
41%
So
41%
fair
36%
No matching quizzes found
Score Distribution
Percent of People with Each Score
Percentile by Number Answered
Your Score History
You have not taken this quiz